Sehat-E-Kutub-E-Muqaddasa. (Record no. 2089)
[ view plain ]
| 000 -LEADER | |
|---|---|
| fixed length control field | 00595nam a2200241 a 4500 |
| 020 ## - INTERNATIONAL STANDARD BOOK NUMBER | |
| ISBN | |
| 082 00 - DEWEY DECIMAL CLASSIFICATION NUMBER | |
| Classification number | 220.1 |
| Author Cutter | BAR |
| 100 ## - MAIN ENTRY--AUTHOR NAME | |
| Author name | Barkat, Ullah |
| 245 ## - TITLE STATEMENT | |
| Title | Sehat-E-Kutub-E-Muqaddasa. |
| 260 ## - PUBLICATION, DISTRIBUTION, ETC. (IMPRINT) | |
| Place of publication | Shimla |
| Name of publisher | Indian Institute |
| Year of publication | 1955 |
| 300 ## - PHYSICAL DESCRIPTION | |
| Number of Pages | 363p |
| 500 ## - GENERAL NOTE | |
| General note | includes index and biblioraphy |
| 505 2# - FORMATTED CONTENTS NOTE | |
| Formatted contents note | bibliography, index |
| 650 ## - SUBJECT ADDED ENTRY--TOPICAL TERM | |
| Topical Term | Bible-Evidences and Authority |
| 942 ## - ADDED ENTRY ELEMENTS (KOHA) | |
| Koha item type | |
| 700 1# - | |
| -- | Barkat, Ullah |
| Home library | Current library | Date acquired | Cost, normal purchase price | Full call number | Accession Number | Koha item type |
|---|---|---|---|---|---|---|
| Henry Martyn Institute Library | Henry Martyn Institute Library | 06/15/2007 | 100.00 | 220.1 BAR | 03809 | Books |
| Henry Martyn Institute Library | Henry Martyn Institute Library | 04/11/2018 | 50.00 | 220.1 BAR | 08396 | Books |
| Henry Martyn Institute Library | Henry Martyn Institute Library | 04/11/2018 | 50.00 | 220.1 BAR | 05828 | Books |
